[Event "Women's Baku Chess Olympiad"]
[Site "chess24.com"]
[Date "2016.09.10"]
[Round "8"]
[White "Hejazipour, Mitra"]
[Black "Ankudinova, Yelena"]
[Result "1-0"]
[Board "3"]
[WhiteID "12505951"]
[WhiteElo "2314"]
[WhiteTitle "WGM"]
[WhiteCountry "IRI"]
[WhiteFideId "12505951"]
[WhiteEloChange "5"]
[BlackID "13702114"]
[BlackElo "2126"]
[BlackTitle "WGM"]
[BlackCountry "KAZ"]
[BlackFideId "13702114"]
[BlackEloChange "-5"]

1. d4 {[%clk 1:30:42]} e6 {[%clk 1:30:44]} 2. c4 {[%clk 1:30:49]} f5 {[%clk
1:31:02]} 3. g3 {[%clk 1:30:59]} Nf6 {[%clk 1:31:15]} 4. Bg2 {[%clk 1:31:15]} c6
{[%clk 1:30:22]} 5. Nh3 {[%clk 1:29:44]} d5 {[%clk 1:30:18]} 6. O-O {[%clk
1:29:49]} Bd6 {[%clk 1:26:03]} 7. Nd2 {[%clk 1:29:56]} Nbd7 {[%clk 1:22:25]} 8.
Qc2 {[%clk 1:29:28]} O-O {[%clk 1:21:15]} 9. Nf3 {[%clk 1:28:48]} Qe7 {[%clk
1:18:19]} 10. Bf4 {[%clk 1:28:29]} Ne4 {[%clk 1:13:57]} 11. Rac1 {[%clk 1:15:25]}
Ndf6 {[%clk 1:03:22]} 12. c5 {[%clk 1:07:53]} Bxf4 {[%clk 0:59:04]} 13. Nxf4
{[%clk 1:07:41]} Bd7 {[%clk 0:57:50]} 14. Ne5 {[%clk 1:07:24]} Be8 {[%clk
0:51:12]} 15. f3 {[%clk 1:00:40]} Ng5 {[%clk 0:51:25]} 16. Nfd3 {[%clk 0:58:28]}
Nd7 {[%clk 0:47:56]} 17. Nxd7 {[%clk 0:54:31]} Bxd7 {[%clk 0:46:16]} 18. Rce1
{[%clk 0:49:56]} Rae8 {[%clk 0:38:33]} 19. Kh1 {[%clk 0:40:29]} Bc8 {[%clk
0:38:19]} 20. b4 {[%clk 0:39:56]} a6 {[%clk 0:38:33]} 21. a4 {[%clk 0:40:06]} Qf6
{[%clk 0:34:24]} 22. Qc3 {[%clk 0:38:24]} Rd8 {[%clk 0:33:52]} 23. Rb1 {[%clk
0:33:49]} Bd7 {[%clk 0:29:24]} 24. e3 {[%clk 0:27:47]} Be8 {[%clk 0:29:12]} 25.
Rf2 {[%clk 0:24:18]} g6 {[%clk 0:28:20]} 26. Bf1 {[%clk 0:23:49]} Nf7 {[%clk
0:25:26]} 27. f4 {[%clk 0:23:53]} h6 {[%clk 0:25:25]} 28. Ne1 {[%clk 0:22:08]}
Ra8 {[%clk 0:22:20]} 29. b5 {[%clk 0:19:34]} axb5 {[%clk 0:22:40]} 30. axb5
{[%clk 0:20:00]} Bd7 {[%clk 0:21:07]} 31. Ra1 {[%clk 0:17:15]} Qd8 {[%clk
0:17:04]} 32. b6 {[%clk 0:12:56]} Rxa1 {[%clk 0:17:14]} 33. Qxa1 {[%clk 0:13:25]}
Kg7 {[%clk 0:16:14]} 34. Nd3 {[%clk 0:12:40]} Bc8 {[%clk 0:15:14]} 35. Qa8 {[%clk
0:11:34]} g5 {[%clk 0:13:42]} 36. Qb8 {[%clk 0:06:00]} Rh8 {[%clk 0:12:57]} 37.
Ra2 {[%clk 0:05:15]} g4 {[%clk 0:05:37]} 38. Nb4 {[%clk 0:02:23]} Re8 {[%clk
0:04:15]} 39. Ra7 {[%clk 0:02:32]} Qd7 {[%clk 0:00:56]} 40. Ba6 {[%clk 0:31:25]}
Re7 {[%clk 0:30:56]} 41. Ra8 {[%clk 0:28:11]} bxa6 {[%clk 0:05:24]} 42. Qxc8
{[%clk 0:28:32]} Qxc8 {[%clk 0:03:20]} 43. Rxc8 {[%clk 0:28:57]} Kf6 {[%clk
0:02:59]} 44. Nxc6 {[%clk 0:29:10]} 1-0

[Event "Women's Baku Chess Olympiad"]
[Site "chess24.com"]
[Date "2016.09.10"]
[Round "8"]
[White "Mukhit, Aisezym"]
[Black "Hakimifard, Ghazal"]
[Result "0-1"]
[Board "4"]
[WhiteID "13706349"]
[WhiteElo "2065"]
[WhiteCountry "KAZ"]
[WhiteFideId "13706349"]
[WhiteEloChange "-4"]
[BlackID "12506540"]
[BlackElo "2308"]
[BlackTitle "WIM"]
[BlackCountry "IRI"]
[BlackFideId "12506540"]
[BlackEloChange "4"]

1. e4 {[%clk 1:30:56]} c5 {[%clk 1:30:48]} 2. Nf3 {[%clk 1:31:07]} e6 {[%clk
1:31:09]} 3. d4 {[%clk 1:30:09]} cxd4 {[%clk 1:31:31]} 4. Nxd4 {[%clk 1:30:34]}
a6 {[%clk 1:31:55]} 5. c4 {[%clk 1:30:27]} Nf6 {[%clk 1:32:14]} 6. Nc3 {[%clk
1:30:49]} Qc7 {[%clk 1:32:34]} 7. a3 {[%clk 1:29:21]} b6 {[%clk 1:32:51]} 8. Be2
{[%clk 1:26:43]} Bb7 {[%clk 1:32:54]} 9. f3 {[%clk 1:22:35]} d6 {[%clk 1:32:20]}
10. Be3 {[%clk 1:22:21]} Be7 {[%clk 1:31:32]} 11. O-O {[%clk 1:22:19]} O-O {[%clk
1:31:33]} 12. Rc1 {[%clk 1:21:38]} Nbd7 {[%clk 1:31:29]} 13. b4 {[%clk 1:21:02]}
Rfe8 {[%clk 1:28:44]} 14. Qd2 {[%clk 1:13:33]} Rac8 {[%clk 1:24:31]} 15. Rfd1
{[%clk 1:11:13]} Qb8 {[%clk 1:16:44]} 16. Kh1 {[%clk 1:04:13]} Bd8 {[%clk
1:08:40]} 17. Bg1 {[%clk 0:57:17]} Bc7 {[%clk 1:03:10]} 18. Nc2 {[%clk 0:50:27]}
Ne5 {[%clk 1:00:01]} 19. Ne3 {[%clk 0:48:10]} Rcd8 {[%clk 0:57:12]} 20. Qe1
{[%clk 0:33:52]} Ng6 {[%clk 0:55:58]} 21. g3 {[%clk 0:26:12]} h5 {[%clk 0:52:56]}
22. Bf2 {[%clk 0:20:39]} Rd7 {[%clk 0:43:30]} 23. Qg1 {[%clk 0:16:01]} Qd8 {[%clk
0:43:19]} 24. Bf1 {[%clk 0:11:58]} Ne5 {[%clk 0:37:19]} 25. Bg2 {[%clk 0:11:42]}
h4 {[%clk 0:35:53]} 26. gxh4 {[%clk 0:09:29]} Nh5 {[%clk 0:35:46]} 27. Bg3 {[%clk
0:06:19]} Ng6 {[%clk 0:33:07]} 28. Ne2 {[%clk 0:04:42]} Nxh4 {[%clk 0:32:42]} 29.
Bxh4 {[%clk 0:04:53]} Qxh4 {[%clk 0:33:06]} 30. c5 {[%clk 0:04:58]} bxc5 {[%clk
0:28:22]} 31. bxc5 {[%clk 0:05:21]} Rdd8 {[%clk 0:27:05]} 32. c6 {[%clk 0:04:07]}
Bc8 {[%clk 0:27:33]} 33. Rc4 {[%clk 0:03:56]} Qg5 {[%clk 0:26:02]} 34. Qf2 {[%clk
0:02:25]} d5 {[%clk 0:24:52]} 35. Rcc1 {[%clk 0:02:03]} Nf4 {[%clk 0:23:21]} 36.
Qg3 {[%clk 0:00:54]} Qxg3 {[%clk 0:22:34]} 37. Nxg3 {[%clk 0:01:22]} d4 {[%clk
0:21:23]} 38. Ng4 {[%clk 0:01:14]} d3 {[%clk 0:18:39]} 39. Bf1 {[%clk 0:01:30]}
a5 {[%clk 0:16:25]} 40. Nf2 {[%clk 0:31:35]} Ba6 {[%clk 0:46:24]} 41. Rc3 {[%clk
0:16:57]} Rd4 {[%clk 0:43:06]} 42. Nh3 {[%clk 0:11:16]} Nxh3 {[%clk 0:40:36]} 43.
Bxh3 {[%clk 0:11:42]} Red8 {[%clk 0:38:55]} 44. Bf1 {[%clk 0:10:20]} a4 {[%clk
0:38:02]} 45. Kg2 {[%clk 0:09:55]} Bc4 {[%clk 0:35:27]} 46. Nh1 {[%clk 0:05:49]}
Ba5 {[%clk 0:33:19]} 47. Rcc1 {[%clk 0:05:55]} Bb3 {[%clk 0:30:06]} 48. Rxd3
{[%clk 0:05:21]} Rxd3 {[%clk 0:30:28]} 49. Bxd3 {[%clk 0:05:45]} Rxd3 {[%clk
0:30:52]} 50. c7 {[%clk 0:06:10]} Bxc7 {[%clk 0:30:52]} 51. Rxc7 {[%clk 0:06:37]}
Bd1 {[%clk 0:30:44]} 52. Rc8+ {[%clk 0:03:13]} Kh7 {[%clk 0:31:09]} 53. Nf2
{[%clk 0:02:26]} Bxf3+ {[%clk 0:31:32]} 54. Kg3 {[%clk 0:02:53]} Rxa3 {[%clk
0:31:52]} 55. Kf4 {[%clk 0:03:03]} Be2 {[%clk 0:31:01]} 56. Nh1 {[%clk 0:02:27]}
Rf3+ {[%clk 0:30:55]} 57. Ke5 {[%clk 0:02:49]} a3 {[%clk 0:30:58]} 58. Ra8 {[%clk
0:02:53]} Bc4 {[%clk 0:29:48]} 59. Kd4 {[%clk 0:03:19]} Ba2 {[%clk 0:28:58]} 60.
Ng3 {[%clk 0:03:30]} Bb1 {[%clk 0:29:11]} 61. Ne2 {[%clk 0:03:51]} a2 {[%clk
0:28:11]} 62. Nc3 {[%clk 0:04:10]} Rf2 {[%clk 0:28:16]} 63. h3 {[%clk 0:04:36]}
Kg6 {[%clk 0:27:50]} 64. Ra5 {[%clk 0:04:26]} f5 {[%clk 0:27:16]} 65. exf5+
{[%clk 0:04:25]} exf5 {[%clk 0:27:41]} 66. Ke3 {[%clk 0:04:40]} Rh2 {[%clk
0:27:45]} 67. h4 {[%clk 0:04:26]} Kh5 {[%clk 0:27:58]} 68. Ne2 {[%clk 0:04:02]}
Kxh4 {[%clk 0:27:10]} 69. Ra4+ {[%clk 0:04:20]} Kh3 {[%clk 0:26:45]} 70. Nf4+
{[%clk 0:04:44]} Kg3 {[%clk 0:27:10]} 71. Ne2+ {[%clk 0:02:42]} Rxe2+ {[%clk
0:26:06]} 72. Kxe2 {[%clk 0:03:01]} g5 {[%clk 0:25:27]} 73. Kf1 {[%clk 0:03:07]}
f4 {[%clk 0:25:31]} 74. Ra3+ {[%clk 0:03:28]} f3 {[%clk 0:25:50]} 75. Kg1 {[%clk
0:03:10]} Bc2 {[%clk 0:26:01]} 76. Kh1 {[%clk 0:03:03]} Bb3 {[%clk 0:26:12]} 77.
Ra5 {[%clk 0:03:16]} g4 {[%clk 0:26:14]} 78. Ra3 {[%clk 0:03:33]} Bd5 {[%clk
0:26:22]} 79. Kg1 {[%clk 0:03:43]} a1Q+ {[%clk 0:26:34]} 0-1

[Event "Women's Baku Chess Olympiad"]
[Site "chess24.com"]
[Date "2016.09.10"]
[Round "8"]
[White "Milovic, Aleksandra"]
[Black "Cmilyte, Viktorija"]
[Result "0-1"]
[Board "1"]
[WhiteID "933988"]
[WhiteElo "2252"]
[WhiteTitle "WIM"]
[WhiteCountry "MNE"]
[WhiteFideId "933988"]
[WhiteEloChange "-3"]
[BlackID "12801259"]
[BlackElo "2536"]
[BlackTitle "GM"]
[BlackCountry "LTU"]
[BlackFideId "12801259"]
[BlackEloChange "2"]

1. e3 {[%clk 1:30:54]} g6 {[%clk 1:27:47]} 2. c4 {[%clk 1:28:11]} Bg7 {[%clk
1:25:10]} 3. Nc3 {[%clk 1:27:48]} f5 {[%clk 1:10:03]} 4. h4 {[%clk 1:14:08]} d6
{[%clk 1:09:17]} 5. h5 {[%clk 1:12:22]} e5 {[%clk 1:08:57]} 6. b3 {[%clk
1:05:07]} Nc6 {[%clk 1:06:27]} 7. Bb2 {[%clk 1:03:05]} Be6 {[%clk 1:05:44]} 8. d4
{[%clk 0:50:22]} Bf7 {[%clk 1:04:28]} 9. d5 {[%clk 0:42:49]} Nce7 {[%clk
1:00:22]} 10. Nf3 {[%clk 0:40:39]} h6 {[%clk 0:43:10]} 11. hxg6 {[%clk 0:38:27]}
Nxg6 {[%clk 0:43:35]} 12. Ne2 {[%clk 0:33:02]} Nf6 {[%clk 0:29:49]} 13. Ng3
{[%clk 0:30:48]} Qd7 {[%clk 0:29:38]} 14. Qc2 {[%clk 0:28:07]} f4 {[%clk
0:22:38]} 15. Nf5 {[%clk 0:25:11]} Bf8 {[%clk 0:22:55]} 16. Bd3 {[%clk 0:19:52]}
fxe3 {[%clk 0:16:51]} 17. Nxe3 {[%clk 0:17:55]} Ne7 {[%clk 0:16:08]} 18. Ng5
{[%clk 0:13:44]} Bg7 {[%clk 0:11:19]} 19. Nxf7 {[%clk 0:13:45]} Kxf7 {[%clk
0:11:46]} 20. Nf5 {[%clk 0:12:26]} Rag8 {[%clk 0:05:35]} 21. Nxe7 {[%clk
0:09:49]} Kxe7 {[%clk 0:05:52]} 22. Bf5 {[%clk 0:10:07]} Qe8 {[%clk 0:06:13]} 23.
O-O-O {[%clk 0:08:41]} Nd7 {[%clk 0:05:59]} 24. c5 {[%clk 0:06:23]} Nxc5 {[%clk
0:05:29]} 25. f4 {[%clk 0:06:14]} Kd8 {[%clk 0:04:14]} 26. Rhe1 {[%clk 0:04:52]}
e4 {[%clk 0:03:00]} 27. Ba3 {[%clk 0:02:56]} Qf7 {[%clk 0:03:07]} 28. Bxe4 {[%clk
0:01:55]} Qxf4+ {[%clk 0:03:20]} 29. Rd2 {[%clk 0:00:56]} Bc3 {[%clk 0:01:26]}
30. Qxc3 {[%clk 0:01:01]} Nxe4 {[%clk 0:01:54]} 31. Rxe4 {[%clk 0:00:48]} Qxe4
{[%clk 0:02:23]} 32. Rc2 {[%clk 0:01:00]} Qf4+ {[%clk 0:02:16]} 33. Kb1 {[%clk
0:01:13]} Rh7 {[%clk 0:02:39]} 34. Qa5 {[%clk 0:00:44]} Qf1+ {[%clk 0:02:11]} 35.
Rc1 {[%clk 0:00:56]} Qf5+ {[%clk 0:02:36]} 36. Ka1 {[%clk 0:01:05]} a6 {[%clk
0:01:37]} 37. Qb4 {[%clk 0:01:33]} Qxd5 {[%clk 0:01:38]} 38. g4 {[%clk 0:00:39]}
Re7 {[%clk 0:01:43]} 39. Bb2 {[%clk 0:00:40]} Kc8 {[%clk 0:01:37]} 40. Qc3 {[%clk
0:30:40]} Kb8 {[%clk 0:31:37]} 0-1

[Event "Women's Baku Chess Olympiad"]
[Site "chess24.com"]
[Date "2016.09.10"]
[Round "8"]
[White "Daulyte, Deimante"]
[Black "Blagojevic, Tijana"]
[Result "0-1"]
[Board "2"]
[WhiteID "12802859"]
[WhiteElo "2421"]
[WhiteTitle "IM"]
[WhiteCountry "LTU"]
[WhiteFideId "12802859"]
[WhiteEloChange "-8"]
[BlackID "16500270"]
[BlackElo "2223"]
[BlackTitle "WIM"]
[BlackCountry "MNE"]
[BlackFideId "16500270"]
[BlackEloChange "15"]

1. e4 {[%clk 1:30:57]} e5 {[%clk 1:30:45]} 2. Nf3 {[%clk 1:31:19]} Nc6 {[%clk
1:31:09]} 3. Bc4 {[%clk 1:31:39]} Bc5 {[%clk 1:31:20]} 4. O-O {[%clk 1:31:53]}
Nf6 {[%clk 1:31:37]} 5. d3 {[%clk 1:32:08]} O-O {[%clk 1:31:57]} 6. a4 {[%clk
1:32:10]} a5 {[%clk 1:31:29]} 7. c3 {[%clk 1:30:09]} d5 {[%clk 1:31:52]} 8. exd5
{[%clk 1:30:33]} Nxd5 {[%clk 1:32:19]} 9. Nbd2 {[%clk 1:28:07]} Nb6 {[%clk
1:31:11]} 10. Bb5 {[%clk 1:28:12]} Bd6 {[%clk 1:31:26]} 11. Nc4 {[%clk 1:23:31]}
Nxc4 {[%clk 1:28:50]} 12. Bxc4 {[%clk 1:23:53]} Bg4 {[%clk 1:28:33]} 13. Re1
{[%clk 1:20:32]} Kh8 {[%clk 1:25:13]} 14. Qe2 {[%clk 1:10:03]} f5 {[%clk
1:22:27]} 15. Qe3 {[%clk 1:08:20]} Qd7 {[%clk 1:11:43]} 16. Ng5 {[%clk 0:59:37]}
Rae8 {[%clk 0:55:47]} 17. f3 {[%clk 0:53:07]} Bh5 {[%clk 0:55:09]} 18. Qf2 {[%clk
0:53:18]} Bg6 {[%clk 0:53:55]} 19. Kh1 {[%clk 0:46:59]} h6 {[%clk 0:53:25]} 20.
Nh3 {[%clk 0:47:05]} Bf7 {[%clk 0:50:32]} 21. Be3 {[%clk 0:39:03]} Ne7 {[%clk
0:49:03]} 22. Bxf7 {[%clk 0:32:21]} Rxf7 {[%clk 0:49:31]} 23. Bc5 {[%clk
0:24:54]} Nd5 {[%clk 0:47:52]} 24. Bxd6 {[%clk 0:24:27]} cxd6 {[%clk 0:47:45]}
25. Qc2 {[%clk 0:19:49]} Rfe7 {[%clk 0:47:16]} 26. Re2 {[%clk 0:18:02]} Nf4
{[%clk 0:43:42]} 27. Nxf4 {[%clk 0:17:28]} exf4 {[%clk 0:44:11]} 28. Rae1 {[%clk
0:08:48]} Rxe2 {[%clk 0:43:10]} 29. Rxe2 {[%clk 0:09:13]} Rxe2 {[%clk 0:43:33]}
30. Qxe2 {[%clk 0:09:38]} Qxa4 {[%clk 0:43:54]} 31. h3 {[%clk 0:07:11]} Qb5
{[%clk 0:40:32]} 32. Qe7 {[%clk 0:05:46]} Qd5 {[%clk 0:37:46]} 33. d4 {[%clk
0:05:10]} Kh7 {[%clk 0:37:09]} 34. Qh4 {[%clk 0:04:35]} g5 {[%clk 0:37:07]} 35.
Qe1 {[%clk 0:04:51]} Qf7 {[%clk 0:35:09]} 36. Qe2 {[%clk 0:04:30]} Kg6 {[%clk
0:33:39]} 37. Qb5 {[%clk 0:04:13]} h5 {[%clk 0:30:29]} 38. Qxa5 {[%clk 0:02:34]}
Qe6 {[%clk 0:29:56]} 39. Qa1 {[%clk 0:00:42]} g4 {[%clk 0:29:53]} 40. Qd1 {[%clk
0:30:37]} Kg5 {[%clk 0:58:53]} 41. Qf1 {[%clk 0:07:31]} Qe3 {[%clk 0:58:12]} 42.
Kh2 {[%clk 0:06:50]} Qd2 {[%clk 0:58:03]} 43. hxg4 {[%clk 0:06:27]} hxg4 {[%clk
0:57:35]} 44. Qc4 {[%clk 0:03:39]} Kh4 {[%clk 0:55:54]} 45. Qf1 {[%clk 0:03:47]}
g3+ {[%clk 0:55:02]} 46. Kg1 {[%clk 0:03:51]} Kg5 {[%clk 0:53:57]} 47. Qb1 {[%clk
0:03:38]} Qe3+ {[%clk 0:54:01]} 48. Kh1 {[%clk 0:04:04]} Qe6 {[%clk 0:54:21]} 49.
Kg1 {[%clk 0:03:51]} Qh6 {[%clk 0:54:43]} 0-1

[Event "Women's Baku Chess Olympiad"]
[Site "chess24.com"]
[Date "2016.09.10"]
[Round "8"]
[White "Stojanovic, Marija R"]
[Black "Batyte, Daiva"]
[Result "1/2-1/2"]
[Board "3"]
[WhiteID "931411"]
[WhiteElo "2127"]
[WhiteTitle "WIM"]
[WhiteCountry "MNE"]
[WhiteFideId "931411"]
[WhiteEloChange "2"]
[BlackID "12801860"]
[BlackElo "2189"]
[BlackTitle "WFM"]
[BlackCountry "LTU"]
[BlackFideId "12801860"]
[BlackEloChange "-2"]

1. e4 {[%clk 1:30:58]} e6 {[%clk 1:30:54]} 2. d4 {[%clk 1:31:10]} d5 {[%clk
1:31:15]} 3. Nd2 {[%clk 1:30:55]} c5 {[%clk 1:30:42]} 4. exd5 {[%clk 1:30:08]}
exd5 {[%clk 1:30:56]} 5. Bb5+ {[%clk 1:28:26]} Nc6 {[%clk 1:28:37]} 6. dxc5
{[%clk 1:24:19]} Bxc5 {[%clk 1:28:47]} 7. Nb3 {[%clk 1:21:33]} Bb6 {[%clk
1:28:54]} 8. Nf3 {[%clk 1:21:40]} Ne7 {[%clk 1:24:48]} 9. O-O {[%clk 1:18:04]}
O-O {[%clk 1:23:24]} 10. c3 {[%clk 1:16:21]} Bg4 {[%clk 1:20:54]} 11. Be2 {[%clk
1:15:00]} Re8 {[%clk 1:17:18]} 12. h3 {[%clk 1:10:22]} Bh5 {[%clk 1:15:46]} 13.
Bf4 {[%clk 1:08:31]} Ng6 {[%clk 1:11:59]} 14. Bh2 {[%clk 1:08:12]} Nh4 {[%clk
1:11:14]} 15. g4 {[%clk 0:49:56]} Bg6 {[%clk 1:07:33]} 16. Bg3 {[%clk 0:48:20]}
Nxf3+ {[%clk 1:02:06]} 17. Bxf3 {[%clk 0:48:46]} Be4 {[%clk 1:01:48]} 18. Bxe4
{[%clk 0:43:45]} Rxe4 {[%clk 0:59:22]} 19. Qd3 {[%clk 0:40:02]} h5 {[%clk
0:57:28]} 20. Rfe1 {[%clk 0:35:04]} Qe8 {[%clk 0:56:53]} 21. Rxe4 {[%clk
0:34:06]} dxe4 {[%clk 0:55:18]} 22. Qe2 {[%clk 0:34:22]} Qe6 {[%clk 0:54:34]} 23.
Rd1 {[%clk 0:31:42]} hxg4 {[%clk 0:49:02]} 24. hxg4 {[%clk 0:30:37]} Re8 {[%clk
0:46:33]} 25. Kg2 {[%clk 0:24:32]} e3 {[%clk 0:37:30]} 26. fxe3 {[%clk 0:22:44]}
Bxe3 {[%clk 0:33:23]} 27. Qf3 {[%clk 0:22:14]} Bb6 {[%clk 0:29:53]} 28. Re1
{[%clk 0:21:33]} Qd7 {[%clk 0:29:47]} 29. Rxe8+ {[%clk 0:21:29]} Qxe8 {[%clk
0:30:06]} 30. Nd2 {[%clk 0:18:21]} Qe6 {[%clk 0:26:13]} 31. b3 {[%clk 0:17:46]}
a5 {[%clk 0:23:39]} 32. Qe4 {[%clk 0:16:37]} Qd7 {[%clk 0:22:52]} 33. Nc4 {[%clk
0:15:28]} Bd8 {[%clk 0:20:42]} 34. Nd6 {[%clk 0:12:23]} Be7 {[%clk 0:20:18]} 35.
Qf5 {[%clk 0:12:18]} Qxf5 {[%clk 0:19:46]} 36. Nxf5 {[%clk 0:11:40]} Bf6 {[%clk
0:18:05]} 37. c4 {[%clk 0:09:28]} Be7 {[%clk 0:13:36]} 38. Bc7 {[%clk 0:05:03]}
Bc5 {[%clk 0:13:17]} 39. Kf3 {[%clk 0:04:31]} g6 {[%clk 0:13:05]} 40. Nd6 {[%clk
0:32:45]} Bxd6 {[%clk 0:41:26]} 41. Bxd6 {[%clk 0:33:10]} f6 {[%clk 0:41:21]} 42.
Ke4 {[%clk 0:32:02]} Kf7 {[%clk 0:37:50]} 43. a3 {[%clk 0:31:34]} Ke6 {[%clk
0:37:06]} 44. Bf4 {[%clk 0:29:10]} f5+ {[%clk 0:28:02]} 45. gxf5+ {[%clk
0:29:34]} gxf5+ {[%clk 0:28:25]} 46. Kd3 {[%clk 0:29:02]} Kf6 {[%clk 0:26:25]}
47. c5 {[%clk 0:27:29]} Ke6 {[%clk 0:25:53]} 48. Kc4 {[%clk 0:27:11]} Ne5+ {[%clk
0:25:35]} 49. Kb5 {[%clk 0:26:52]} Nd3 {[%clk 0:24:43]} 50. Bd2 {[%clk 0:25:55]}
Kd5 {[%clk 0:24:10]} 51. b4 {[%clk 0:25:39]} axb4 {[%clk 0:23:26]} 52. axb4
{[%clk 0:26:03]} Ne5 {[%clk 0:23:03]} 53. Bh6 {[%clk 0:23:56]} Nd3 {[%clk
0:17:27]} 54. Bd2 {[%clk 0:23:35]} f4 {[%clk 0:17:37]} 55. Bxf4 {[%clk 0:23:31]}
Nxf4 {[%clk 0:18:00]} 56. Kb6 {[%clk 0:23:58]} Nd3 {[%clk 0:18:16]} 57. Kxb7
{[%clk 0:24:21]} Nxb4 {[%clk 0:18:39]} 1/2-1/2

[Event "Women's Baku Chess Olympiad"]
[Site "chess24.com"]
[Date "2016.09.10"]
[Round "8"]
[White "Domarkaite, Laima"]
[Black "Krpovic, Natasa"]
[Result "1-0"]
[Board "4"]
[WhiteID "12800341"]
[WhiteElo "2161"]
[WhiteTitle "WFM"]
[WhiteCountry "LTU"]
[WhiteFideId "12800341"]
[WhiteEloChange "8"]
[BlackID "910791"]
[BlackElo "2073"]
[BlackTitle "WFM"]
[BlackCountry "MNE"]
[BlackFideId "910791"]
[BlackEloChange "-8"]

1. e4 {[%clk 1:30:58]} e6 {[%clk 1:30:54]} 2. d4 {[%clk 1:31:19]} d5 {[%clk
1:31:17]} 3. Nd2 {[%clk 1:31:33]} dxe4 {[%clk 1:31:35]} 4. Nxe4 {[%clk 1:31:42]}
Bd7 {[%clk 1:31:57]} 5. Nf3 {[%clk 1:31:39]} Bc6 {[%clk 1:32:09]} 6. Bd3 {[%clk
1:31:26]} Nd7 {[%clk 1:31:03]} 7. Qe2 {[%clk 1:28:03]} Bxe4 {[%clk 0:57:24]} 8.
Qxe4 {[%clk 1:28:02]} c6 {[%clk 0:56:30]} 9. O-O {[%clk 1:13:08]} Ngf6 {[%clk
0:54:58]} 10. Qe2 {[%clk 1:11:55]} Be7 {[%clk 0:53:37]} 11. c4 {[%clk 1:07:30]}
O-O {[%clk 0:51:33]} 12. b3 {[%clk 1:04:20]} Re8 {[%clk 0:48:10]} 13. Bb2 {[%clk
1:03:35]} Nf8 {[%clk 0:46:50]} 14. Rad1 {[%clk 0:56:52]} Qa5 {[%clk 0:42:40]} 15.
a3 {[%clk 0:55:32]} Qh5 {[%clk 0:39:53]} 16. h3 {[%clk 0:52:17]} Ng6 {[%clk
0:37:42]} 17. Qe3 {[%clk 0:47:27]} Nd7 {[%clk 0:26:27]} 18. Rfe1 {[%clk 0:29:00]}
Bd8 {[%clk 0:18:39]} 19. Bf1 {[%clk 0:21:13]} Qa5 {[%clk 0:14:03]} 20. Qc1 {[%clk
0:18:11]} Bf6 {[%clk 0:13:37]} 21. g3 {[%clk 0:14:50]} Qc7 {[%clk 0:13:36]} 22.
h4 {[%clk 0:14:08]} h6 {[%clk 0:12:43]} 23. Bh3 {[%clk 0:12:49]} Rad8 {[%clk
0:10:49]} 24. h5 {[%clk 0:12:44]} Ngf8 {[%clk 0:11:02]} 25. Bc3 {[%clk 0:10:07]}
Nh7 {[%clk 0:10:52]} 26. Bg2 {[%clk 0:10:02]} Be7 {[%clk 0:09:23]} 27. Ne5 {[%clk
0:09:05]} Nhf6 {[%clk 0:06:45]} 28. Bf3 {[%clk 0:09:09]} Bd6 {[%clk 0:06:53]} 29.
Kg2 {[%clk 0:08:34]} Nf8 {[%clk 0:06:51]} 30. Bb2 {[%clk 0:07:12]} N8h7 {[%clk
0:06:50]} 31. Be2 {[%clk 0:04:17]} c5 {[%clk 0:06:56]} 32. f4 {[%clk 0:04:21]}
cxd4 {[%clk 0:06:47]} 33. Bxd4 {[%clk 0:04:24]} Bc5 {[%clk 0:06:16]} 34. Bb2
{[%clk 0:03:54]} a5 {[%clk 0:05:24]} 35. Bf3 {[%clk 0:03:54]} Nf8 {[%clk
0:05:14]} 36. Qc3 {[%clk 0:02:52]} N8d7 {[%clk 0:04:43]} 37. Ng4 {[%clk 0:02:30]}
Be7 {[%clk 0:02:14]} 38. b4 {[%clk 0:01:29]} axb4 {[%clk 0:02:17]} 39. axb4
{[%clk 0:01:57]} Nb6 {[%clk 0:02:23]} 40. Ne5 {[%clk 0:30:47]} Na4 {[%clk
0:32:12]} 41. Qb3 {[%clk 0:29:08]} Nxb2 {[%clk 0:31:56]} 42. Qxb2 {[%clk
0:28:55]} Rxd1 {[%clk 0:14:57]} 43. Rxd1 {[%clk 0:28:25]} Rd8 {[%clk 0:15:02]}
44. Rxd8+ {[%clk 0:26:47]} Bxd8 {[%clk 0:14:09]} 45. Qd4 {[%clk 0:25:26]} Ne8
{[%clk 0:11:54]} 46. c5 {[%clk 0:20:18]} b6 {[%clk 0:08:58]} 47. c6 {[%clk
0:14:08]} Nd6 {[%clk 0:07:13]} 48. Qd3 {[%clk 0:12:40]} Bf6 {[%clk 0:06:12]} 49.
Nd7 {[%clk 0:11:38]} Be7 {[%clk 0:06:01]} 50. b5 {[%clk 0:10:28]} Nc8 {[%clk
0:05:34]} 51. Qe3 {[%clk 0:08:11]} Bd6 {[%clk 0:04:47]} 52. Be2 {[%clk 0:06:55]}
Be7 {[%clk 0:04:15]} 53. Kh3 {[%clk 0:06:21]} Bd6 {[%clk 0:02:56]} 54. Bd3 {[%clk
0:06:34]} Ne7 {[%clk 0:01:11]} 55. Qxb6 {[%clk 0:02:49]} Qxb6 {[%clk 0:01:10]}
56. Nxb6 {[%clk 0:03:17]} Bc5 {[%clk 0:00:49]} 57. Nd7 {[%clk 0:03:12]} Bd4
{[%clk 0:01:14]} 58. c7 {[%clk 0:02:31]} Nc8 {[%clk 0:01:15]} 59. Be4 {[%clk
0:02:43]} f6 {[%clk 0:01:01]} 60. Bb7 {[%clk 0:02:57]} Nd6 {[%clk 0:01:24]} 61.
c8Q+ {[%clk 0:03:05]} Nxc8 {[%clk 0:01:50]} 62. Bxc8 {[%clk 0:03:29]} Kf7 {[%clk
0:02:12]} 63. b6 {[%clk 0:03:40]} Ke7 {[%clk 0:02:26]} 64. b7 {[%clk 0:04:02]}
Ba7 {[%clk 0:02:48]} 65. b8Q {[%clk 0:04:18]} 1-0

[Event "Women's Baku Chess Olympiad"]
[Site "chess24.com"]
[Date "2016.09.10"]
[Round "8"]
[White "Cramling, Pia"]
[Black "Atalik, Ekaterina"]
[Result "1/2-1/2"]
[Board "1"]
[WhiteID "1700030"]
[WhiteElo "2444"]
[WhiteTitle "GM"]
[WhiteCountry "SWE"]
[WhiteFideId "1700030"]
[BlackID "4130189"]
[BlackElo "2422"]
[BlackTitle "IM"]
[BlackCountry "TUR"]
[BlackFideId "4130189"]

1. Nf3 {[%clk 1:30:49]} d5 {[%clk 1:30:49]} 2. d4 {[%clk 1:31:03]} Nf6 {[%clk
1:30:47]} 3. c4 {[%clk 1:31:19]} e6 {[%clk 1:31:08]} 4. Nc3 {[%clk 1:30:23]} Nbd7
{[%clk 1:31:19]} 5. Bg5 {[%clk 1:29:52]} c6 {[%clk 1:31:05]} 6. e3 {[%clk
1:29:46]} Be7 {[%clk 1:27:22]} 7. Qc2 {[%clk 1:21:23]} h6 {[%clk 1:25:07]} 8. Bh4
{[%clk 1:21:36]} O-O {[%clk 1:24:41]} 9. Rd1 {[%clk 1:20:20]} b6 {[%clk 1:15:46]}
10. Be2 {[%clk 1:03:29]} Ba6 {[%clk 1:09:01]} 11. cxd5 {[%clk 0:48:07]} Bxe2
{[%clk 1:09:09]} 12. Qxe2 {[%clk 0:48:06]} cxd5 {[%clk 1:09:01]} 13. O-O {[%clk
0:48:04]} Ne4 {[%clk 1:07:07]} 14. Bxe7 {[%clk 0:48:17]} Nxc3 {[%clk 1:06:48]}
15. bxc3 {[%clk 0:48:19]} Qxe7 {[%clk 1:07:11]} 16. c4 {[%clk 0:43:15]} dxc4
{[%clk 1:02:30]} 17. Qxc4 {[%clk 0:43:38]} Rfc8 {[%clk 1:02:28]} 18. Qa6 {[%clk
0:41:54]} Rc7 {[%clk 1:01:06]} 19. Rc1 {[%clk 0:40:48]} Qd8 {[%clk 0:58:21]} 20.
h3 {[%clk 0:36:12]} Rac8 {[%clk 0:57:31]} 21. Rxc7 {[%clk 0:32:15]} Rxc7 {[%clk
0:57:23]} 22. Re1 {[%clk 0:31:19]} Nf6 {[%clk 0:55:29]} 23. e4 {[%clk 0:28:37]}
Qd7 {[%clk 0:54:59]} 24. a4 {[%clk 0:15:57]} Qc6 {[%clk 0:49:44]} 25. Qb5 {[%clk
0:12:50]} Qxb5 {[%clk 0:41:51]} 26. axb5 {[%clk 0:13:19]} Rc4 {[%clk 0:42:03]}
27. g3 {[%clk 0:12:42]} Rb4 {[%clk 0:39:59]} 28. e5 {[%clk 0:11:34]} Nd5 {[%clk
0:39:40]} 29. Ra1 {[%clk 0:11:55]} Rxb5 {[%clk 0:37:14]} 30. Rxa7 {[%clk
0:12:19]} Rb1+ {[%clk 0:29:16]} 31. Kg2 {[%clk 0:12:41]} Rb2 {[%clk 0:21:07]} 32.
Ra8+ {[%clk 0:04:15]} Kh7 {[%clk 0:21:32]} 33. Ra7 {[%clk 0:04:07]} Kg8 {[%clk
0:17:06]} 34. Ra8+ {[%clk 0:04:29]} Kh7 {[%clk 0:17:08]} 35. Ra7 {[%clk 0:04:46]}
Kg8 {[%clk 0:17:27]} 1/2-1/2